[Event "17.Seefeld Open 2006"]
[Site "Seefeld/AUT (23.9.-1.10)"]
[Date "2006.09.27"]
[Round "5"]
[White "Wiesbeck, Florian"]
[Black "Abraham, Helmut"]
[Result "1-0"]
[WhiteElo "1999"]
[BlackElo "1461"]
[PlyCount "23"]
[EventDate "2006.09.??"]
[EventType "swiss"]
[EventRounds "9"]
[EventCountry "AUT"]

1. d4 Nf6 2. c4 g6 3. Nc3 d5 4. cxd5 Nxd5 5. e4 Nxc3 6. bxc3 Bg7 7. Bc4 c5 8.
Ne2 O-O 9. Be3 b6 10. Bd5 Nc6 11. Bxc6 Rb8 12. Bd5 1-0

[Event "17.Seefeld Open 2006"]
[Site "Seefeld/AUT (23.9.-1.10)"]
[Date "2006.09.27"]
[Round "5"]
[White "Strasser, Josef"]
[Black "Meul, Willi"]
[Result "1-0"]
[WhiteElo "1917"]
[BlackElo "1998"]
[PlyCount "45"]
[EventDate "2006.09.??"]
[EventType "swiss"]
[EventRounds "9"]
[EventCountry "AUT"]

1. d4 Nf6 2. c4 g6 3. Nf3 Bg7 4. Nc3 d5 5. Bf4 a6 6. cxd5 Nxd5 7. Nxd5 Qxd5 8.
Bxc7 O-O 9. e3 Nc6 10. Be2 Bd7 11. O-O Rfc8 12. Bb6 e6 13. b3 Bf8 14. Bc4 Qf5
15. d5 Nb4 16. dxe6 Bxe6 17. Nd4 Qf6 18. Nxe6 fxe6 19. Bd4 Qf5 20. a3 b5 21.
Be2 e5 22. Bg4 Qe4 23. Bf3 1-0

[Event "17.Seefeld Open 2006"]
[Site "Seefeld/AUT (23.9.-1.10)"]
[Date "2006.09.27"]
[Round "5"]
[White "Kreie, Guenter"]
[Black "Duric, Rajko"]
[Result "1/2-1/2"]
[WhiteElo "1987"]
[BlackElo "1848"]
[PlyCount "169"]
[EventDate "2006.09.??"]
[EventType "swiss"]
[EventRounds "9"]
[EventCountry "AUT"]

1. e4 e5 2. Nf3 d6 3. d4 exd4 4. Nxd4 g6 5. Bc4 Bg7 6. O-O Nf6 7. Nc3 O-O 8.
Bg5 c6 9. Qd2 Qb6 10. Nb3 Ne8 11. Be7 Nd7 12. Bxf8 Bxf8 13. Bd3 Ne5 14. h3 Bxh3
15. Be2 Be6 16. Na4 Qc7 17. Nd4 Bc4 18. Bxc4 Nxc4 19. Qe2 b5 20. b3 Ne5 21. Nc3
Qa5 22. Qe1 Bg7 23. Nce2 Qb6 24. c3 b4 25. Rd1 c5 26. Nc2 bxc3 27. Qxc3 Nf6 28.
Ng3 Neg4 29. Qd3 Rd8 30. Ne3 Ne5 31. Qe2 Qc6 32. Nd5 Nxd5 33. Rxd5 Nd7 34. Rd3
Bd4 35. Qc2 Qb6 36. Ne2 Be5 37. Kh1 Re8 38. Rf3 Qb4 39. Qc4 Qxc4 40. bxc4 Nf6
41. Ra3 Re7 42. f3 Nh5 43. Rb1 Ng3+ 44. Nxg3 Bxg3 45. Rab3 Re5 46. Rb7 Bf2 47.
g4 h5 48. Kg2 Bd4 49. gxh5 Rxh5 50. Rh1 Rg5+ 51. Kf1 Rg3 52. Rb3 a5 53. a4 Kg7
54. Rd3 g5 55. Ra3 g4 56. Ke2 Rg2+ 57. Kd1 g3 58. f4 Kf6 59. Rf3 Ra2 60. Rh6+
Kg7 61. Rh4 Bf2 62. Rg4+ Kf8 63. f5 Rxa4 64. f6 Rxc4 65. Rd3 Rd4 66. Rxd4 Bxd4
67. Rxg3 Bxf6 68. Kc2 Bh4 69. Ra3 Be1 70. Kd3 Ke7 71. Rb3 Bb4 72. Rb1 a4 73.
Rh1 a3 74. Rh8 Ke6 75. Ra8 f6 76. Re8+ Kd7 77. Rf8 d5 78. Rxf6 dxe4+ 79. Kxe4
Kc7 80. Kd3 Kb7 81. Rf2 Kc6 82. Kc4 Kd6 83. Re2 Kc6 84. Re6+ Kd7 85. Re2
1/2-1/2

[Event "17.Seefeld Open 2006"]
[Site "Seefeld/AUT (23.9.-1.10)"]
[Date "2006.09.27"]
[Round "5"]
[White "Walz, Robert"]
[Black "Koller, Hubert"]
[Result "0-1"]
[WhiteElo "1984"]
[BlackElo "2115"]
[PlyCount "132"]
[EventDate "2006.09.??"]
[EventType "swiss"]
[EventRounds "9"]
[EventCountry "AUT"]

1. e4 g6 2. d4 Bg7 3. Nf3 d6 4. Nc3 c6 5. Be2 Bg4 6. O-O Nd7 7. h3 Bxf3 8. Bxf3
e5 9. Be3 Ngf6 10. Qd2 O-O 11. Rad1 Re8 12. dxe5 dxe5 13. Bg5 Qb6 14. Na4 Qa6
15. b3 b5 16. Nc3 Qa5 17. Nd5 Qxd2 18. Nxf6+ Bxf6 19. Bxd2 Nf8 20. Be3 Be7 21.
Bg4 Red8 22. Rxd8 Rxd8 23. a4 h5 24. Be2 a6 25. Ra1 Ne6 26. axb5 axb5 27. Ra6
Rc8 28. c4 b4 29. Ra5 c5 30. Kf1 Bg5 31. Bxg5 Nxg5 32. f3 h4 33. Kf2 Ne6 34.
Ra2 Rd8 35. Ke3 Nf4 36. Kf2 Kg7 37. Bf1 Rd1 38. Rb2 Rc1 39. Ra2 Rb1 40. Ra5
Rb2+ 41. Kg1 Ne6 42. Ra6 Rxb3 43. Rd6 Rb2 44. Rd5 Kf6 45. Rd6 Ke7 46. Rd5 f6
47. Rd1 Ra2 48. Bd3 Nd4 49. Kf1 g5 50. Bb1 Ra1 51. Ke1 Kd6 52. Kd2 Kc7 53. Re1
Kb6 54. Kc1 Ka5 55. Kb2 Ra3 56. Rd1 Rc3 57. Bd3 Ka4 58. Rd2 Ra3 59. Bb1 Re3 60.
Bd3 Re1 61. Rf2 b3 62. Rd2 Kb4 63. Rf2 Rd1 64. Bf1 Nc6 65. Be2 Rd2+ 66. Kc1 b2+
0-1

[Event "17.Seefeld Open 2006"]
[Site "Seefeld/AUT (23.9.-1.10)"]
[Date "2006.09.27"]
[Round "5"]
[White "Samarian, Cornel"]
[Black "Hofer, Franz"]
[Result "0-1"]
[WhiteElo "1937"]
[BlackElo "2061"]
[PlyCount "84"]
[EventDate "2006.09.??"]
[EventType "swiss"]
[EventRounds "9"]
[EventCountry "AUT"]

1. c4 e6 2. Nc3 f5 3. g3 Nf6 4. Bg2 Bb4 5. a3 Bxc3 6. bxc3 O-O 7. Nf3 d6 8. d3
Qe8 9. h3 Nc6 10. O-O e5 11. Kh2 b6 12. Ng1 Bb7 13. Bg5 Nd7 14. Bd5+ Kh8 15.
Bd2 Nf6 16. Bg2 Na5 17. Bxb7 Nxb7 18. e3 Qc6 19. Qe2 e4 20. f3 Na5 21. fxe4
fxe4 22. Rf4 exd3 23. Qxd3 Nh5 24. Rff1 Qxc4 25. Qe2 Qxe2+ 26. Nxe2 Nc4 27.
Rxf8+ Rxf8 28. Be1 Nxe3 29. Rc1 Kg8 30. g4 Nf4 31. Nxf4 Rxf4 32. Kg3 Rf1 33.
Bd2 Rxc1 34. Bxc1 Nc4 35. Kf4 d5 36. Kf5 Kf7 37. g5 g6+ 38. Kg4 Ke6 39. h4 c5
40. a4 d4 41. cxd4 cxd4 42. Kf4 d3 0-1

[Event "17.Seefeld Open 2006"]
[Site "Seefeld/AUT (23.9.-1.10)"]
[Date "2006.09.27"]
[Round "5"]
[White "Waibl, Herbert"]
[Black "Stojanovic, Milorad"]
[Result "1/2-1/2"]
[WhiteElo "2026"]
[BlackElo "1690"]
[PlyCount "131"]
[EventDate "2006.09.??"]
[EventType "swiss"]
[EventRounds "9"]
[EventCountry "AUT"]

1. f4 d6 2. Nf3 Nc6 3. e3 e5 4. fxe5 dxe5 5. Nc3 Bd6 6. Bb5 Nge7 7. b3 Bg4 8.
h3 Bh5 9. g4 Bg6 10. Bb2 e4 11. Nd4 Bg3+ 12. Ke2 Bh4 13. Qf1 a6 14. Bxc6+ Nxc6
15. Nxc6 bxc6 16. Qg2 Qe7 17. d4 O-O 18. Na4 f5 19. Raf1 Rf7 20. Nc5 a5 21. Bc3
Qd6 22. Be1 Bxe1 23. Kxe1 f4 24. Qh2 Raf8 25. c3 f3 26. Qxd6 cxd6 27. Ne6 Rb8
28. Kf2 Rf6 29. Nf4 Bf7 30. h4 a4 31. b4 Bxa2 32. Ra1 Bb3 33. Nh5 Rf7 34. Ng3
d5 35. Nf1 Ra7 36. Nd2 Rba8 37. Ra3 Bc2 38. Rc1 Bb3 39. Rca1 Bc4 40. Nxc4 dxc4
41. R1a2 Kf7 42. Ra1 Ke6 43. Rb1 Rb7 44. Rba1 Kd7 45. Rxa4 Rxa4 46. Rxa4 Kd6
47. Ra5 Re7 48. Rg5 g6 49. Ra5 h6 50. Ra6 Rb7 51. Ra5 Re7 52. Ra8 Ke6 53. Ra6
Kd6 54. b5 Rc7 55. b6 Rb7 56. Kf1 c5 57. dxc5+ Kxc5 58. Ra5+ Kd6 59. Rb5 Ke6
60. Rb4 Kd5 61. Rb5+ Kd6 62. Kf2 Ke6 63. Rb4 Kd5 64. Rb5+ Kd6 65. Kf1 Ke6 66.
Rb4 1/2-1/2

[Event "17.Seefeld Open 2006"]
[Site "Seefeld/AUT (23.9.-1.10)"]
[Date "2006.09.27"]
[Round "5"]
[White "Andreini, Gigliolu"]
[Black "Plock, Christian"]
[Result "0-1"]
[WhiteElo "1660"]
[BlackElo "1990"]
[PlyCount "72"]
[EventDate "2006.09.??"]
[EventType "swiss"]
[EventRounds "9"]
[EventCountry "AUT"]

1. c4 e6 2. Nc3 d5 3. cxd5 exd5 4. d4 Nf6 5. Bf4 c6 6. e3 Bd6 7. Bxd6 Qxd6 8.
Be2 O-O 9. Nf3 Re8 10. O-O Bf5 11. Nh4 Bd7 12. h3 Ne4 13. Nxe4 Rxe4 14. Nf3 Re6
15. Ne5 Be8 16. Bg4 Re7 17. Qc2 Nd7 18. Nd3 Nf6 19. Bf3 Ne4 20. Bxe4 Rxe4 21.
Rac1 f6 22. Nf4 Bf7 23. Qe2 Rae8 24. Qf3 R8e7 25. g4 Be8 26. Kg2 Bd7 27. Rh1
Rf7 28. Qg3 Re8 29. h4 g6 30. Rh2 Qb4 31. Nd3 Qd2 32. Rc3 Rfe7 33. Qd6 Kg7 34.
Kg3 Qd1 35. Qf4 Re4 36. Qf3 Rxg4+ 0-1

[Event "17.Seefeld Open 2006"]
[Site "Seefeld/AUT (23.9.-1.10)"]
[Date "2006.09.27"]
[Round "5"]
[White "Gestrich, Wolfgang"]
[Black "Laux, Dieter"]
[Result "1/2-1/2"]
[WhiteElo "1756"]
[BlackElo "1228"]
[PlyCount "63"]
[EventDate "2006.09.??"]
[EventType "swiss"]
[EventRounds "9"]
[EventCountry "AUT"]

1. c4 c5 2. Nc3 Nc6 3. g3 g6 4. Bg2 Ne5 5. d3 f5 6. Nf3 Bg7 7. Nxe5 Bxe5 8. O-O
Bxc3 9. bxc3 Qa5 10. Qb3 Rb8 11. Bf4 d6 12. Qb5+ Qxb5 13. cxb5 e5 14. Bd2 Be6
15. e4 Nf6 16. Bg5 O-O 17. f3 b6 18. c4 Kg7 19. a4 h6 20. Bd2 g5 21. h3 Nh5 22.
Kh2 f4 23. g4 Ng3 24. Be1 Nxf1+ 25. Bxf1 Rh8 26. Ra2 h5 27. Kg1 hxg4 28. hxg4
Rh7 29. Rh2 Rxh2 30. Kxh2 Ra8 31. Kg2 a6 32. Kf2 1/2-1/2

[Event "17.Seefeld Open 2006"]
[Site "Seefeld/AUT (23.9.-1.10)"]
[Date "2006.09.27"]
[Round "5"]
[White "Brett, Digby"]
[Black "Disselberger, Alfons"]
[Result "1/2-1/2"]
[WhiteElo "1855"]
[BlackElo "1289"]
[PlyCount "80"]
[EventDate "2006.09.??"]
[EventType "swiss"]
[EventRounds "9"]
[EventCountry "AUT"]

1. e4 c5 2. Nf3 Nc6 3. d4 cxd4 4. Nxd4 e5 5. Nb3 d6 6. Nc3 Nf6 7. Be2 Be7 8.
O-O O-O 9. Be3 Be6 10. Bg5 a5 11. a4 Nb4 12. Bxf6 Bxf6 13. Nd5 Nxd5 14. exd5
Bc8 15. Nd2 b6 16. Ne4 Be7 17. Ra3 Ba6 18. Bxa6 Rxa6 19. Qd3 Ra8 20. Nc3 f5 21.
Nb5 e4 22. Qe2 Qd7 23. Nd4 Bf6 24. Ne6 Rfc8 25. Rb3 Qb7 26. Rd1 Qa6 27. Rb5
Bxb2 28. Rb1 Be5 29. R1b3 Rab8 30. c4 Qa7 31. g3 Bf6 32. h4 Be5 33. Kg2 Bf6 34.
Rb1 Be5 35. Rc1 Bf6 36. Qh5 Qf7 37. Qxf5 Qg6 38. Qxg6 hxg6 39. Kh3 Kf7 40. Kg2
Re8 1/2-1/2

[Event "17.Seefeld Open 2006"]
[Site "Seefeld/AUT (23.9.-1.10)"]
[Date "2006.09.28"]
[Round "6"]
[White "Van der Weide, Karel"]
[Black "Teske, Henrik"]
[Result "1/2-1/2"]
[WhiteElo "2443"]
[BlackElo "2486"]
[PlyCount "40"]
[EventDate "2006.09.??"]
[EventType "swiss"]
[EventRounds "9"]
[EventCountry "AUT"]

1. e4 e5 2. Nf3 Nf6 3. Nxe5 d6 4. Nf3 Nxe4 5. d4 d5 6. Bd3 Be7 7. O-O Nc6 8. c4
Nb4 9. Be2 O-O 10. Nc3 Bf5 11. a3 Nxc3 12. bxc3 Nc6 13. cxd5 Qxd5 14. Re1 Rfe8
15. Be3 Rad8 16. c4 Qd6 17. d5 Na5 18. Nd4 Bd7 19. Qd3 b6 20. Bd1 g6 1/2-1/2

[Event "17.Seefeld Open 2006"]
[Site "Seefeld/AUT (23.9.-1.10)"]
[Date "2006.09.28"]
[Round "6"]
[White "Mohrlok, Dieter"]
[Black "Meschke, Andreas"]
[Result "1-0"]
[WhiteElo "2321"]
[BlackElo "2183"]
[PlyCount "83"]
[EventDate "2006.09.??"]
[EventType "swiss"]
[EventRounds "9"]
[EventCountry "AUT"]

1. d4 d5 2. Nf3 Nf6 3. Bf4 c5 4. e3 Nc6 5. c3 Qb6 6. Qc1 Bg4 7. Nbd2 e6 8. h3
Bh5 9. Bd3 Rc8 10. O-O Be7 11. Qb1 O-O 12. Ne5 Bg6 13. Nxg6 hxg6 14. Re1 Nh5
15. Bh2 f5 16. Nf3 c4 17. Be2 Qd8 18. Ne5 Qe8 19. b3 cxb3 20. Qxb3 Na5 21. Qb5
Qxb5 22. Bxb5 Rfd8 23. Bd7 Rxc3 24. Bxe6+ Kh7 25. Bf7 Nc4 26. Bxg6+ Kh6 27.
Bxf5 Nxe5 28. Bxe5 Rf8 29. Bg4 Nf6 30. Rec1 Rd3 31. Bf3 Ne4 32. Rc7 Rf7 33.
Bxe4 dxe4 34. Bd6 Rxf2 35. Kxf2 Bxd6 36. Rxb7 Rd2+ 37. Kf1 Bg3 38. Re7 Rf2+ 39.
Kg1 Re2 40. Rxe4 Bf2+ 41. Kf1 Rxe3 42. Rxe3 1-0

[Event "17.Seefeld Open 2006"]
[Site "Seefeld/AUT (23.9.-1.10)"]
[Date "2006.09.28"]
[Round "6"]
[White "Schunk, Thomas"]
[Black "Jandke, Manfred"]
[Result "1/2-1/2"]
[WhiteElo "2315"]
[BlackElo "2156"]
[PlyCount "118"]
[EventDate "2006.09.??"]
[EventType "swiss"]
[EventRounds "9"]
[EventCountry "AUT"]

1. c4 Nf6 2. Nc3 e6 3. e4 d5 4. e5 d4 5. exf6 dxc3 6. fxg7 cxd2+ 7. Bxd2 Bxg7
8. Qc2 Nc6 9. Nf3 Qe7 10. a3 e5 11. O-O-O Bg4 12. Bc3 O-O 13. h4 Bh6+ 14. Kb1
Rad8 15. Be2 Qe6 16. Ka1 Bf5 17. Qa4 Nd4 18. Bxd4 exd4 19. Rhe1 Qb6 20. Bd3
Bxd3 21. Rxd3 c5 22. Ka2 a6 23. Re7 Bg7 24. Qc2 Rfe8 25. Qe2 Kf8 26. Rxe8+ Rxe8
27. Qc2 Qg6 28. g3 h6 29. Kb1 Qe6 30. Rd1 Qf6 31. Ne1 b6 32. Nd3 Qf3 33. Ka2
Kg8 34. Re1 Re6 35. Rd1 Re2 36. Rd2 Re8 37. Nf4 Bf8 38. Rd3 Qe4 39. Qd1 Qf5 40.
Rf3 Qe4 41. Nd5 Bg7 42. Qb3 Re6 43. Rd3 Be5 44. a4 Qe2 45. f4 Bg7 46. f5 Rd6
47. Qd1 Qxd1 48. Rxd1 b5 49. b3 bxa4 50. bxa4 Be5 51. g4 Bg3 52. h5 f6 53. Rd3
Be5 54. Rb3 Rd7 55. Kb1 Rg7 56. Rb6 Rxg4 57. Nxf6+ Bxf6 58. Rxf6 Kh7 59. Rxa6
d3 1/2-1/2

[Event "17.Seefeld Open 2006"]
[Site "Seefeld/AUT (23.9.-1.10)"]
[Date "2006.09.28"]
[Round "6"]
[White "Kauch, Markus"]
[Black "Platzgummer, Fabian"]
[Result "1/2-1/2"]
[WhiteElo "2244"]
[BlackElo "2044"]
[PlyCount "49"]
[EventDate "2006.09.??"]
[EventType "swiss"]
[EventRounds "9"]
[EventCountry "AUT"]

1. d4 Nf6 2. Bg5 Ne4 3. Bf4 c5 4. f3 Nf6 5. dxc5 e5 6. Bxe5 Bxc5 7. Nc3 Qb6 8.
e3 Bxe3 9. Nh3 O-O 10. Be2 d5 11. Bxf6 d4 12. Nd5 Qa5+ 13. c3 Qxd5 14. Bxd4
Bxd4 15. Qxd4 Qxd4 16. cxd4 Bxh3 17. gxh3 Nc6 18. Rd1 Rad8 19. d5 Ne5 20. Kf2
Rd6 21. Rd4 Rfd8 22. Rhd1 Kf8 23. f4 Ng6 24. Bf3 Ne7 25. Be4 1/2-1/2

[Event "17.Seefeld Open 2006"]
[Site "Seefeld/AUT (23.9.-1.10)"]
[Date "2006.09.28"]
[Round "6"]
[White "Lagrotteria, Salvatore"]
[Black "Ballon, Guenther-Jan"]
[Result "1/2-1/2"]
[WhiteElo "2176"]
[BlackElo "2184"]
[PlyCount "121"]
[EventDate "2006.09.??"]
[EventType "swiss"]
[EventRounds "9"]
[EventCountry "AUT"]

1. d4 d5 2. c4 c6 3. Nc3 Nf6 4. Nf3 e6 5. e3 Nbd7 6. Qc2 Bd6 7. Bd3 O-O 8. cxd5
exd5 9. O-O Re8 10. e4 dxe4 11. Nxe4 Nxe4 12. Bxe4 h6 13. Bh7+ Kh8 14. Bf5 Nf6
15. Bd2 Bxf5 16. Qxf5 Qd7 17. Qa5 Nd5 18. Rfe1 a6 19. Qa4 Rxe1+ 20. Rxe1 Re8
21. Qd1 Kg8 22. Re2 Rxe2 23. Qxe2 Qe7 24. Qd3 Qe6 25. g3 Nf6 26. b3 Qe4 27.
Qxe4 Nxe4 28. Kf1 Nf6 29. Ke2 Nd5 30. Kd3 f6 31. Nh4 Kf7 32. Nf5 Bf8 33. Ne3
Nxe3 34. fxe3 f5 35. e4 Ke6 36. a4 g6 37. h3 h5 38. a5 Be7 39. h4 Bd8 40. Bc3
g5 41. hxg5 Bxg5 42. exf5+ Kxf5 43. Kc4 Ke4 44. Kc5 Be3 45. Kb6 Kd3 46. Bb4
Bxd4+ 47. Kxb7 c5 48. Ba3 Kc3 49. Kxa6 Kxb3 50. Kb5 c4 51. Bc1 c3 52. a6 c2 53.
Kc6 Ka2 54. Kd5 Ba7 55. Ke4 Kb1 56. Bd2 c1=Q 57. Bxc1 Kxc1 58. Kf5 Kc2 59. Kg5
Kd3 60. Kxh5 Kc4 61. g4 1/2-1/2

[Event "17.Seefeld Open 2006"]
[Site "Seefeld/AUT (23.9.-1.10)"]
[Date "2006.09.28"]
[Round "6"]
[White "Keller, Manfred"]
[Black "Schmidt, Juergen"]
[Result "1-0"]
[WhiteElo "2180"]
[BlackElo "2122"]
[PlyCount "89"]
[EventDate "2006.09.??"]
[EventType "swiss"]
[EventRounds "9"]
[EventCountry "AUT"]

1. e4 e5 2. Nf3 Nc6 3. Bb5 a6 4. Ba4 Nf6 5. O-O Be7 6. Re1 b5 7. Bb3 O-O 8. d4
d6 9. c3 Bg4 10. Be3 exd4 11. cxd4 Na5 12. Bc2 c5 13. dxc5 dxc5 14. Nbd2 Qc7
15. Qe2 Nc6 16. Rac1 Bd6 17. h3 Bh5 18. g4 Bg6 19. e5 Nxe5 20. Nxe5 Bxe5 21.
Bxg6 hxg6 22. Rxc5 Qb8 23. Nf3 Bd6 24. Rc6 Re8 25. Qd2 Rd8 26. Qa5 Nd5 27. Rxa6
Qb7 28. Ra7 Rdc8 29. Rxb7 Rxa5 30. a3 b4 31. Bd2 Ra6 32. axb4 Nf4 33. b5 Ra2
34. Bxf4 Bxf4 35. Ree7 Rf8 36. Nd4 Bg5 37. Red7 Bf6 38. b4 Rb2 39. g5 Bxd4 40.
Rxd4 Re8 41. Rf4 Rf8 42. b6 f6 43. gxf6 gxf6 44. Rc7 g5 45. Rfc4 1-0

[Event "17.Seefeld Open 2006"]
[Site "Seefeld/AUT (23.9.-1.10)"]
[Date "2006.09.28"]
[Round "6"]
[White "Kozlov, Alexander"]
[Black "Stabolewski, Andreas"]
[Result "0-1"]
[WhiteElo "2118"]
[BlackElo "2235"]
[PlyCount "40"]
[EventDate "2006.09.??"]
[EventType "swiss"]
[EventRounds "9"]
[EventCountry "AUT"]

1. d4 d5 2. c4 e6 3. Nc3 Nf6 4. Nf3 Be7 5. cxd5 exd5 6. g3 O-O 7. Bg2 c5 8. O-O
Nc6 9. Bg5 cxd4 10. Nxd4 h6 11. Bf4 Bg4 12. Rc1 Qd7 13. Qd3 Rac8 14. Rfd1 Rfd8
15. Qb5 Nxd4 16. Qxd7 Nxe2+ 17. Nxe2 Bxd7 18. Bxd5 Rxc1 19. Nxc1 Ba4 20. b3 Bc6
0-1

[Event "17.Seefeld Open 2006"]
[Site "Seefeld/AUT (23.9.-1.10)"]
[Date "2006.09.28"]
[Round "6"]
[White "Ermel, Dirk"]
[Black "Mertens, Klaus"]
[Result "1-0"]
[WhiteElo "2184"]
[BlackElo "2100"]
[PlyCount "147"]
[EventDate "2006.09.??"]
[EventType "swiss"]
[EventRounds "9"]
[EventCountry "AUT"]

1. e4 c5 2. c4 Nc6 3. Ne2 g6 4. d4 cxd4 5. Nxd4 Bg7 6. Be3 Qa5+ 7. Nc3 Nf6 8.
f3 O-O 9. Qd2 d6 10. Nb3 Qb4 11. Rc1 Na5 12. Nd4 Nc6 13. Nc2 Qa5 14. Be2 Re8
15. O-O Be6 16. Rfd1 Rac8 17. Na3 Nd7 18. Nab1 a6 19. b3 Nce5 20. Nd5 Qxd2 21.
Nxd2 Bxd5 22. cxd5 h5 23. b4 Red8 24. h3 Nb8 25. Nb3 Kh7 26. Na5 b5 27. f4 Ned7
28. Nc6 Nxc6 29. dxc6 Nf6 30. Bd3 Ne8 31. a4 Nc7 32. h4 Ra8 33. Bb6 Rdc8 34. a5
Bf6 35. g3 e6 36. Be2 Be7 37. Bf3 Kg8 38. Kf1 Kf8 39. Ke2 Kg8 40. Rc2 Kf8 41.
Rd3 Kg8 42. Kd1 Kf8 43. Kc1 Kg8 44. Kb1 Kf8 45. Ka2 Kg8 46. Kb3 Kf8 47. Rd1 Kg8
48. Rcd2 Ne8 49. Rc2 Nc7 50. Bg2 Kf8 51. f5 gxf5 52. exf5 d5 53. fxe6 fxe6 54.
Rf1+ Kg8 55. Bh3 Bd6 56. Bxc7 Rxc7 57. Bxe6+ Kh8 58. Rf5 Re8 59. Rxh5+ Kg7 60.
Bxd5 Rce7 61. Rf5 Re3+ 62. Rc3 Rxc3+ 63. Kxc3 Re3+ 64. Kd4 Re1 65. Rf7+ Kg6 66.
Ra7 Rd1+ 67. Ke4 Bxg3 68. Rxa6 Rc1 69. c7+ Kh5 70. Rc6 Rxc6 71. Bxc6 Bxc7 72.
Bxb5 Kxh4 73. Kd5 Kg5 74. Kc6 1-0

[Event "17.Seefeld Open 2006"]
[Site "Seefeld/AUT (23.9.-1.10)"]
[Date "2006.09.28"]
[Round "6"]
[White "Schmidt, Wolfgang"]
[Black "Gruber, Michael"]
[Result "0-1"]
[WhiteElo "2061"]
[BlackElo "2138"]
[PlyCount "70"]
[EventDate "2006.09.??"]
[EventType "swiss"]
[EventRounds "9"]
[EventCountry "AUT"]

1. e4 c5 2. Nf3 d6 3. d4 cxd4 4. Nxd4 Nf6 5. Nc3 a6 6. Bc4 e6 7. Bb3 Nbd7 8.
Bg5 Nc5 9. Qf3 Be7 10. O-O-O Qc7 11. Rhe1 b5 12. Kb1 Nxb3 13. axb3 O-O 14. Qg3
b4 15. e5 dxe5 16. Bxf6 Bxf6 17. Ne4 Bd8 18. Nf3 f6 19. h4 Be7 20. h5 Bb7 21.
h6 g6 22. Nh4 Kf7 23. Nf3 Rac8 24. Neg5+ fxg5 25. Nxe5+ Kg8 26. Qd3 Rfd8 27.
Qe2 Rxd1+ 28. Rxd1 Bd5 29. Ng4 Qc5 30. Rd2 Qc7 31. Rxd5 exd5 32. Qe6+ Kf8 33.
Ne5 Qxc2+ 34. Ka2 Qf5 35. Nd7+ Ke8 0-1

[Event "17.Seefeld Open 2006"]
[Site "Seefeld/AUT (23.9.-1.10)"]
[Date "2006.09.28"]
[Round "6"]
[White "Schoetzig, Detlef"]
[Black "Stock, Juergen"]
[Result "1/2-1/2"]
[WhiteElo "2124"]
[BlackElo "2026"]
[PlyCount "112"]
[EventDate "2006.09.??"]
[EventType "swiss"]
[EventRounds "9"]
[EventCountry "AUT"]

1. c4 f5 2. Nc3 Nf6 3. d4 e6 4. Nf3 c6 5. e3 d5 6. Bd3 Bd6 7. Ne5 O-O 8. O-O
Nbd7 9. f4 Ne4 10. Nxd7 Bxd7 11. Nxe4 fxe4 12. Be2 Rf6 13. Rb1 Rh6 14. g3 g5
15. b4 gxf4 16. exf4 a6 17. a4 Qf6 18. Be3 Kh8 19. Rf2 Rg8 20. Rg2 Qf5 21. b5
axb5 22. cxb5 Qh3 23. Qf1 Be7 24. Qf2 Rhg6 25. Bd2 Bh4 26. Be1 Qf5 27. Rb3 Be7
28. a5 cxb5 29. Bxb5 Bc8 30. Qc2 Bd6 31. Bf1 Rf8 32. Bb4 Bxb4 33. Rxb4 Rg7 34.
Qc1 Qf6 35. Rc2 Bd7 36. Bg2 Ra8 37. Qa1 Qd8 38. Rxb7 Ba4 39. Rcb2 Rxb7 40. Rxb7
Qxa5 41. Bxe4 Qd2 42. Bxh7 Rc8 43. Rb1 Be8 44. Qa3 Qxd4+ 45. Kg2 Kxh7 46. Rb7+
Kg8 47. Qb2 Qe4+ 48. Kg1 d4 49. Rb8 Rxb8 50. Qxb8 Kf7 51. Qc7+ Kg6 52. Qd8 Qe1+
53. Kg2 Qe2+ 54. Kg1 Qd1+ 55. Kf2 Qd2+ 56. Kg1 Qe1+ 1/2-1/2

[Event "17.Seefeld Open 2006"]
[Site "Seefeld/AUT (23.9.-1.10)"]
[Date "2006.09.28"]
[Round "6"]
[White "Kroencke, Manfred"]
[Black "Platzgummer, Peter"]
[Result "1-0"]
[WhiteElo "2183"]
[BlackElo "1933"]
[PlyCount "123"]
[EventDate "2006.09.??"]
[EventType "swiss"]
[EventRounds "9"]
[EventCountry "AUT"]

1. e4 c5 2. Nf3 e6 3. d3 Nc6 4. g3 d5 5. Nbd2 Bd6 6. Bg2 Nge7 7. O-O O-O 8. Re1
Bc7 9. c3 b6 10. Qc2 Ba6 11. exd5 exd5 12. d4 Bc8 13. Bf1 c4 14. b3 Bf5 15. Qd1
b5 16. a4 b4 17. Bb2 Ba5 18. Qc1 bxc3 19. Bxc3 Nb4 20. Bxb4 Bxb4 21. bxc4 Nc6
22. cxd5 Qxd5 23. Bc4 Qd6 24. d5 Na5 25. Nd4 Bxd2 26. Nxf5 Qb4 27. Rb1 Bxc1 28.
Rxb4 Bd2 29. Reb1 Bxb4 30. Rxb4 Nxc4 31. Rxc4 g6 32. Ne7+ Kg7 33. Nc6 Kf6 34.
Rf4+ Kg7 35. d6 Rfd8 36. Nxd8 Rxd8 37. Rd4 Kf6 38. Rd5 Ke6 39. Ra5 Rd7 40. Ra6
Kd5 41. Kg2 Ke6 42. g4 Rb7 43. Kg3 f6 44. h4 Kd7 45. f3 Kc8 46. d7+ Rxd7 47.
Rxf6 Kb7 48. Kf4 Rd4+ 49. Kg5 Rxa4 50. Rf7+ Kb6 51. Rxh7 a5 52. Rg7 Rc4 53.
Rxg6+ Kb5 54. h5 Rc5+ 55. Kf4 a4 56. h6 Rc4+ 57. Kg3 Rc8 58. Rg5+ Kb6 59. Re5
a3 60. Re3 Ra8 61. h7 Kc5 62. Rxa3 1-0

[Event "17.Seefeld Open 2006"]
[Site "Seefeld/AUT (23.9.-1.10)"]
[Date "2006.09.28"]
[Round "6"]
[White "Thoeny, Hermann"]
[Black "Di Lazzaro, Gabriele"]
[Result "1/2-1/2"]
[WhiteElo "2175"]
[BlackElo "1986"]
[PlyCount "84"]
[EventDate "2006.09.??"]
[EventType "swiss"]
[EventRounds "9"]
[EventCountry "AUT"]

1. Nf3 c5 2. c4 Nc6 3. d4 cxd4 4. Nxd4 g6 5. Nc3 Bg7 6. Nb3 Nf6 7. e4 O-O 8.
Be2 d6 9. O-O Bd7 10. c5 dxc5 11. Nxc5 Bc8 12. Be3 e5 13. Qa4 Qa5 14. Qxa5 Nxa5
15. Rfd1 b6 16. Na6 Bb7 17. Nc7 Rac8 18. N7b5 Nc6 19. Nd6 Rb8 20. Nxb7 Rxb7 21.
Rac1 Rd8 22. Rxd8+ Nxd8 23. f3 Rc7 24. Rd1 Rd7 25. Nd5 Nxd5 26. exd5 Nb7 27.
Bb5 Rd8 28. b4 Nd6 29. Ba6 Nf5 30. Bf2 Nd4 31. Bb7 Rd7 32. Bxd4 Rxb7 33. Bb2
Rd7 34. b5 f5 35. Kf1 Kf7 36. a4 Ke7 37. Ba3+ Kf7 38. Ke2 Bf8 39. Bb2 Bd6 40.
Kd3 Rc7 41. Rc1 Rxc1 42. Bxc1 Ke7 1/2-1/2

[Event "17.Seefeld Open 2006"]
[Site "Seefeld/AUT (23.9.-1.10)"]
[Date "2006.09.28"]
[Round "6"]
[White "Schwammberger, Eugen"]
[Black "Scholz, Herbert"]
[Result "1-0"]
[WhiteElo "2085"]
[BlackElo "1991"]
[PlyCount "141"]
[EventDate "2006.09.??"]
[EventType "swiss"]
[EventRounds "9"]
[EventCountry "AUT"]

1. d4 Nf6 2. g3 d5 3. Bg2 c6 4. Nf3 Bg4 5. Nbd2 Nbd7 6. c4 e6 7. O-O Be7 8. b3
O-O 9. Bb2 a5 10. a3 h6 11. Rc1 Rc8 12. c5 b6 13. b4 axb4 14. axb4 bxc5 15.
bxc5 Rb8 16. Bc3 Rb5 17. Qa4 Ne4 18. Nxe4 dxe4 19. Nd2 f5 20. f3 exf3 21. exf3
Bh5 22. Rfe1 Bf7 23. f4 Qc7 24. Rb1 Rfb8 25. Rxb5 cxb5 26. Qa5 Bd8 27. Qxc7
Bxc7 28. Ra1 Nf6 29. Ra7 b4 30. Bb2 Rc8 31. Rb7 g5 32. fxg5 hxg5 33. Nf1 Nd5
34. Bxd5 exd5 35. Rxb4 f4 36. Rb7 Bg6 37. Bc1 Bf7 38. Kg2 Kg7 39. Kf3 Kf6 40.
Bd2 Bg6 41. gxf4 Bh5+ 42. Kf2 gxf4 43. h3 Kf5 44. Nh2 Ke4 45. Bc3 Kd3 46. Bb2
Bd1 47. Ng4 f3 48. Ne3 Bg3+ 49. Kxg3 Kxe3 50. Re7+ Kd3 51. Rf7 Rg8+ 52. Kh4 Rg2
53. c6 Rxb2 54. c7 Rc2 55. Kg3 Kxd4 56. h4 Ke5 57. h5 Kd6 58. h6 Ke6 59. h7
Kxf7 60. h8=Q Rg2+ 61. Kh3 Rg1 62. c8=Q Rh1+ 63. Kg3 Rxh8 64. Qxh8 Be2 65. Qe5
Kg6 66. Qxd5 Kf6 67. Kf4 Ke7 68. Ke5 Kf8 69. Ke6 Kg8 70. Kf6+ Kh7 71. Qh5+ 1-0